Occupational health practice / (Record no. 58679)

MARC details
000 -LEADER
fixed length control field 00557nam a22001817a 4500
008 - FIXED-LENGTH DATA ELEMENTS--GENERAL INFORMATION
fixed length control field 230428b ||||| |||| 00| 0 eng d
020 ## - INTERNATIONAL STANDARD BOOK NUMBER
International Standard Book Number 9780750627207
050 ## - LIBRARY OF CONGRESS CALL NUMBER
Classification number RC967
Item number .O27 1997
245 ## - TITLE STATEMENT
Title Occupational health practice /
Statement of responsibility, etc edited by H.A. Waldron and C. Edling.
250 ## - EDITION STATEMENT
Edition statement 4th ed.
260 ## - PUBLICATION, DISTRIBUTION, ETC. (IMPRINT)
Place of publication, distribution, etc Boston :
Name of publisher, distributor, etc Butterworths/ Heinemann;
Date of publication, distribution, etc c1997
300 ## - PHYSICAL DESCRIPTION
Extent xiv, 319 p. :
Other physical details ill. ;
Dimensions 24 cm.
505 ## - FORMATTED CONTENTS NOTE
Formatted contents note Includes bibliographies and index.
650 ## - SUBJECT ADDED ENTRY--TOPICAL TERM
Topical term or geographic name as entry element Industrial hygiene.
700 ## - ADDED ENTRY--PERSONAL NAME
Personal name Edling, C.
700 ## - ADDED ENTRY--PERSONAL NAME
Personal name Waldron, H. A.
942 ## - ADDED ENTRY ELEMENTS (KOHA)
Source of classification or shelving scheme Library of Congress Classification
Item type Book
Holdings
Withdrawn status Lost status Source of classification or shelving scheme Damaged status Not for loan Collection code Home library Current library Shelving location Date acquired Source of acquisition Cost, normal purchase price Full call number Barcode Date last seen Copy number Price effective from Koha item type
    Library of Congress Classification     Non-fiction Bishop Okullu Memorial Library (Limuru Campus) Bishop Okullu Memorial Library (Limuru Campus) General Circulation 28/04/2023 Donation 2800.00 RC967 .O27 1997 070288 28/04/2023 1 28/04/2023 Book